[Event "11. OSEM SH 2017"]
[Site "Büsum"]
[Date "2017.09.14"]
[Round "7.82"]
[White "Kühnen, Gerhard"]
[Black "Klose, Hans-Peter"]
[Result "1/2-1/2"]
[WhiteElo "1639"]
[BlackElo "1537"]
[PlyCount "42"]
[EventDate "2017.??.??"]
[WhiteTeam "Flensburger SK"]
[BlackTeam "ESV Göttingen"]

1. d4 Nf6 2. e3 g6 3. f4 Bg7 4. Bd3 d6 5. Nf3 O-O 6. O-O c5 7. c3 Bd7 8. a4
cxd4 9. cxd4 Qc8 10. b3 Bc6 11. Qc2 Bd7 12. Qd2 Bc6 13. Nc3 Nbd7 14. Bb2 a6 15.
e4 d5 16. e5 Ne4 17. Bxe4 dxe4 18. Ng5 Nb6 19. Ngxe4 Qf5 20. Ng3 Qd7 21. f5
Bxe5 1/2-1/2

[Event "11. OSEM SH 2017"]
[Site "Büsum"]
[Date "2017.09.14"]
[Round "7.83"]
[White "Bierwald, Martin"]
[Black "Geibel, Henning"]
[Result "1/2-1/2"]
[WhiteElo "1637"]
[BlackElo "1475"]
[PlyCount "42"]
[EventDate "2017.??.??"]
[WhiteTeam "Königsspr. SC"]
[BlackTeam "SV Bargteheide"]

1. e4 e5 2. Nf3 d6 3. d4 exd4 4. Nxd4 Nf6 5. Nc3 Be7 6. Bd3 O-O 7. O-O c5 8.
Nf3 Nc6 9. Re1 h6 10. a3 Bg4 11. h3 Bxf3 12. Qxf3 Nh7 13. Nd5 Bg5 14. Bxg5 Nxg5
15. Qd1 a6 16. c3 b5 17. b4 c4 18. Bc2 Ne7 19. Nxe7+ Qxe7 20. Qd5 Qe5 21. Qxe5
dxe5 1/2-1/2

[Event "11. OSEM SH 2017"]
[Site "Büsum"]
[Date "2017.09.14"]
[Round "7.84"]
[White "Jovi, Klaus"]
[Black "Graffenberger, Marianne"]
[Result "1-0"]
[WhiteElo "1608"]
[BlackElo "1382"]
[PlyCount "101"]
[EventDate "2017.??.??"]
[WhiteTeam "SV Grevenbroich"]
[BlackTeam "Hamburger SK"]

1. e4 Nc6 2. Nf3 e5 3. Bc4 Nf6 4. d3 Be7 5. c3 d6 6. Bb3 Bd7 7. O-O O-O 8. h3
Na5 9. Bc2 b6 10. Be3 c5 11. c4 Nc6 12. Nc3 Nd4 13. Bxd4 cxd4 14. Ne2 h6 15.
Ng3 Nh7 16. Ba4 Be6 17. a3 Rb8 18. b4 Ng5 19. Nxg5 Bxg5 20. Qf3 Qf6 21. Qxf6
Bxf6 22. Ne2 Be7 23. f4 f5 24. Ng3 fxe4 25. Nxe4 Bf5 26. Bc6 Bh7 27. Bd5+ Kh8
28. g3 Bg8 29. Bxg8 Kxg8 30. fxe5 dxe5 31. Kg2 Rxf1 32. Rxf1 Rf8 33. Rxf8+ Kxf8
34. Kf3 Kf7 35. g4 g6 36. Nd2 a6 37. Ke4 Ke6 38. Nf3 Bf6 39. a4 Bg7 40. a5 bxa5
41. bxa5 Kd6 42. Nd2 Kc5 43. Nf3 Kd6 44. Nh4 Kc5 45. Nxg6 Kb4 46. Nxe5 Kxa5 47.
Nc6+ Kb6 48. Kd5 a5 49. Nxd4 Bxd4 50. Kxd4 a4 51. Kc3 1-0

[Event "11. OSEM SH 2017"]
[Site "Büsum"]
[Date "2017.09.14"]
[Round "7.85"]
[White "Kaspschak, Karola"]
[Black "Weck, Uwe"]
[Result "0-1"]
[WhiteElo "1435"]
[BlackElo "1591"]
[PlyCount "164"]
[EventDate "2017.??.??"]
[WhiteTeam "Sf Barsinghausen"]
[BlackTeam "SK Kaltenkirchen"]

1. d4 Nf6 2. c4 d5 3. Nc3 e6 4. Bg5 Be7 5. e3 c6 6. Nf3 Nbd7 7. Bd3 Qc7 8. h3
O-O 9. Bf4 Qd8 10. O-O dxc4 11. Bxc4 Nd5 12. Nxd5 exd5 13. Bd3 f5 14. Qc2 Nb6
15. b3 Be6 16. Rfe1 Rc8 17. Qb2 Nd7 18. Rac1 Nf6 19. Ne5 Nd7 20. Qe2 Nxe5 21.
Bxe5 Bd6 22. Bxd6 Qxd6 23. f4 a6 24. Qc2 Qe7 25. Qf2 Qf7 26. Qg3 Qh5 27. Be2
Qh6 28. Qg5 Rf6 29. Qxh6 Rxh6 30. Kf2 Re8 31. Rh1 Bf7 32. Bd3 Rf6 33. Be2 Rfe6
34. Rc3 b5 35. b4 h6 36. g4 Bg6 37. Rhc1 Rc8 38. a3 Rc7 39. Bf3 Rd6 40. Kg3 Kf8
41. h4 fxg4 42. Bxg4 h5 43. Bf3 Be8 44. Kf2 g6 45. e4 dxe4 46. Bxe4 Rxd4 47.
Ke3 Rd6 48. Rd3 Rxd3+ 49. Bxd3 Kg7 50. Rc5 Re7+ 51. Kd2 Re6 52. f5 Rd6 53. Kc3
Rd5 54. Rxd5 cxd5 55. fxg6 Bxg6 56. Be2 Kf6 57. Kd4 Bf7 58. Kc5 d4 59. Kxd4 Kf5
60. Kc5 Kf4 61. Kb6 Kg3 62. Kxa6 Bc4 63. Bd1 Kxh4 64. Bc2 Kg3 65. Be4 h4 66.
Kb6 h3 67. Kc5 Bf1 68. Bc6 h2 69. Bxb5 Bxb5 70. Kxb5 h1=Q 71. a4 Qd5+ 72. Kb6
Qc4 73. Ka5 Qc7+ 74. Ka6 Qc6+ 75. Ka5 Kf4 76. b5 Qa8+ 77. Kb4 Ke5 78. a5 Kd5
79. a6 Qf8+ 80. Ka5 Qd8+ 81. Kb4 Qb6 82. Ka4 Kc5 0-1

[Event "11. OSEM SH 2017"]
[Site "Büsum"]
[Date "2017.09.14"]
[Round "7.86"]
[White "Berber, Theodor"]
[Black "Boß, Kurt"]
[Result "1-0"]
[WhiteElo "1627"]
[BlackElo "1222"]
[PlyCount "87"]
[EventDate "2017.??.??"]
[WhiteTeam "SK Kaltenkirchen"]
[BlackTeam "Flensburger SK"]

1. d4 d5 2. Nf3 Nc6 3. e3 g6 4. Nbd2 Bg7 5. c4 Nf6 6. a3 O-O 7. Bd3 Bh6 8. Qe2
b6 9. O-O Bd7 10. b3 Qc8 11. Bb2 Bf5 12. cxd5 Nxd5 13. Rac1 Nb8 14. Rc2 c6 15.
Rfc1 Bd7 16. Ne5 Be8 17. Bb5 Qe6 18. Bxc6 Bxc6 19. Nxc6 Nxc6 20. Rxc6 Qd7 21.
Qf3 Rac8 22. Rxc8 Rxc8 23. Rxc8+ Bf8 24. Rc2 e6 25. Nf1 Qb5 26. b4 Qa4 27. Qe2
Qd7 28. Qc4 Qd6 29. Qc6 Qd8 30. Qb7 a5 31. b5 Ne7 32. Qc7 Qd5 33. Qc4 Qf5 34.
Ng3 Qf6 35. e4 Qf4 36. Bc1 Qf6 37. d5 e5 38. Be3 h5 39. Qc7 h4 40. Nf1 Qh8 41.
h3 Qh5 42. d6 Qd1 43. d7 Qxc2 44. Qxc2 1-0

[Event "11. OSEM SH 2017"]
[Site "Büsum"]
[Date "2017.09.14"]
[Round "7.87"]
[White "Engel, Peter"]
[Black "Schütt, Günter"]
[Result "0-1"]
[WhiteElo "1448"]
[BlackElo "1573"]
[PlyCount "78"]
[EventDate "2017.??.??"]
[WhiteTeam "Schachpinguine Berlin"]
[BlackTeam "SV Strand"]

1. e4 c5 2. Nf3 Nc6 3. d4 cxd4 4. Nxd4 Nf6 5. Nc3 a6 6. Bg5 e6 7. Be2 Be7 8. a3
O-O 9. Qd2 Qb6 10. Nb3 h6 11. Na4 Qc7 12. Bf4 e5 13. Be3 Nxe4 14. Qd3 Nf6 15.
O-O-O d6 16. h3 Be6 17. g4 Nd5 18. Qe4 Nxe3 19. Kb1 Nxd1 20. Bd3 g6 21. Rxd1 f5
22. Qg2 e4 23. gxf5 Bxf5 24. Bc4+ Kh7 25. Qg3 b5 26. Bd5 bxa4 27. Nc5 Qb6 28.
Nxe4 Rab8 29. b3 axb3 30. cxb3 Bxe4+ 31. Bxe4 Qxb3+ 32. Qxb3 Rxb3+ 33. Ka2 Rb6
34. f3 Rfb8 35. Rg1 Bf6 36. Bxg6+ Kh8 37. Rg2 Rb2+ 38. Rxb2 Rxb2+ 39. Ka1 Rg2+
0-1

[Event "11. OSEM SH 2017"]
[Site "Büsum"]
[Date "2017.09.14"]
[Round "7.88"]
[White "Schumacher, Ursula"]
[Black "Walther, Renate"]
[Result "1-0"]
[WhiteElo "1519"]
[BlackElo "1173"]
[Annotator "Gemkow,Jan Marten"]
[PlyCount "64"]
[EventDate "2017.??.??"]
[WhiteTeam "HTC Bad Neuenahr"]
[BlackTeam "SK Herzogenaurach"]

1. c4 c5 2. Nc3 Nc6 3. Nf3 g6 4. g3 Bg7 5. e3 d6 6. Bg2 Bg4 7. Qa4 Qd7 8. a3
Nh6 9. O-O O-O 10. b4 cxb4 11. axb4 Rfd8 12. Ra2 Bh3 13. d4 Bxg2 14. Kxg2 e6
15. b5 Ne7 16. e4 Ng4 17. h3 Nf6 18. Be3 b6 19. Rd1 Qb7 20. Qa6 Qxa6 21. Rxa6
Nd7 22. Rda1 f5 23. Rxa7 Rxa7 24. Rxa7 Nc8 25. Ra8 h6 26. h4 Rf8 27. Ne2 Kh7
28. exf5 exf5 29. Nf4 Re8 30. Nd5 Rf8 31. Nc7 Ne7 32. Rxf8 Nxf8 {Rest nicht
rekonstruierbar} 1-0

[Event "11. OSEM SH 2017"]
[Site "Büsum"]
[Date "2017.09.14"]
[Round "7.89"]
[White "Lambrecht, Harald"]
[Black "Deak-Willimsky, Emanuela"]
[Result "1-0"]
[WhiteElo "1414"]
[BlackElo "1502"]
[PlyCount "93"]
[EventDate "2017.??.??"]
[WhiteTeam "SK Celle-Westercelle"]
[BlackTeam "SF Furtwangen-Vöhrenbach"]

1. d4 Nf6 2. c4 d6 3. Nc3 c6 4. e4 d5 5. cxd5 cxd5 6. exd5 Nxd5 7. Qb3 e6 8.
Bc4 Bb4 9. Nge2 O-O 10. O-O Nxc3 11. bxc3 Bd6 12. Ba3 Nc6 13. Qb2 Qc7 14. Bxd6
Qxd6 15. Rfd1 Qc7 16. Bd3 Ne7 17. c4 b6 18. Rac1 Bb7 19. Qc2 g6 20. Be4 Rac8
21. Bxb7 Qxb7 22. Qd2 Rfd8 23. Qg5 Rd7 24. h4 Kg7 25. Nf4 Nf5 26. Nh5+ Kf8 27.
Nf6 Rxd4 28. Rxd4 Nxd4 29. Qe3 Nf5 30. Qa3+ Rc5 31. Rd1 Kg7 32. Qc3 e5 33. Nd5
f6 34. Qf3 Rxc4 35. g4 Rd4 36. gxf5 Rxd5 37. Qxd5 Qxd5 38. Rxd5 gxf5 39. Rd7+
Kg6 40. Rxa7 Kh5 41. Rxh7+ Kg4 42. Kg2 f4 43. f3+ Kf5 44. Rb7 e4 45. fxe4+ Kxe4
46. Kf2 f3 47. h5 1-0

[Event "11. OSEM SH 2017"]
[Site "Büsum"]
[Date "2017.09.14"]
[Round "7.91"]
[White "Garms, Ilse"]
[Black "Baumast, Bernd"]
[Result "1/2-1/2"]
[WhiteElo "1759"]
[BlackElo "1583"]
[PlyCount "65"]
[EventDate "2017.??.??"]
[WhiteTeam "ESV Eberswalde"]
[BlackTeam "SV Bad Oldesloe"]

1. d4 e6 2. Nf3 Nf6 3. e3 b6 4. Bd3 Bb7 5. Nbd2 c5 6. c3 Ba6 7. Bxa6 Nxa6 8.
O-O cxd4 9. exd4 Be7 10. Ne5 O-O 11. Ndf3 h6 12. h3 Nb8 13. Be3 d6 14. Nd3 Nbd7
15. Qe2 Nh7 16. Bd2 Ng5 17. Rfe1 Nxf3+ 18. Qxf3 Bg5 19. Rad1 Bxd2 20. Rxd2 d5
21. Qg3 Nf6 22. f3 Qb8 23. Qe5 Qxe5 24. Nxe5 Rac8 25. g3 Rc7 26. h4 Nd7 27. f4
Nxe5 28. Rxe5 Re7 29. Rde2 Rfe8 30. f5 f6 31. Rxe6 Kf7 32. Kf2 Rxe6 33. fxe6+
1/2-1/2